[Event "Team Championship Russia (Blitz, Women)"]
[Site "Sochi"]
[Date "2018.10.10"]
[Round "12.6"]
[White "Sirotkina, Elizaveta"]
[Black "Nebolsina, Vera"]
[Result "0-1"]
[BlackElo "2099"]
[WhiteElo "1195"]
[LiveChessVersion "1.4.8"]

1. e4 {[%clk 0:03:02]} e5 {[%clk 0:03:01]} 2. Nf3 {[%clk 0:03:03]} Nf6
{[%clk 0:03:03]} 3. Nxe5 {[%clk 0:03:02]} d6 {[%clk 0:03:04]} 4. Nf3
{[%clk 0:03:03]} Nxe4 {[%clk 0:03:05]} 5. d3 {[%clk 0:03:04]} Nf6
{[%clk 0:03:05]} 6. Bg5 {[%clk 0:03:03]} Be7 {[%clk 0:03:05]} 7. Nc3
{[%clk 0:03:02]} h6 {[%clk 0:03:05]} 8. Bh4 {[%clk 0:03:02]} c6 {[%clk 0:02:58]}
9. Be2 {[%clk 0:03:00]} Nbd7 {[%clk 0:02:54]} 10. O-O {[%clk 0:02:58]} O-O
{[%clk 0:02:52]} 11. Ne4 {[%clk 0:02:18]} d5 {[%clk 0:02:46]} 12. Nxf6+
{[%clk 0:02:17]} Bxf6 {[%clk 0:02:45]} 13. Bxf6 {[%clk 0:02:15]} Qxf6
{[%clk 0:02:41]} 14. c3 {[%clk 0:02:09]} Re8 {[%clk 0:02:30]} 15. d4
{[%clk 0:02:07]} Nf8 {[%clk 0:02:23]} 16. Bd3 {[%clk 0:02:02]} Bg4
{[%clk 0:02:16]} 17. Be2 {[%clk 0:01:48]} Ng6 {[%clk 0:01:49]} 18. Re1
{[%clk 0:01:36]} Nf4 {[%clk 0:01:42]} 19. h3 {[%clk 0:01:31]} Nxe2+
{[%clk 0:01:22]} 20. Rxe2 {[%clk 0:01:32]} Bxf3 {[%clk 0:01:20]} 21. Rxe8+
{[%clk 0:01:31]} Rxe8 {[%clk 0:01:21]} 22. Qxf3 {[%clk 0:01:32]} Qxf3
{[%clk 0:01:22]} 23. gxf3 {[%clk 0:01:32]} Kh7 {[%clk 0:01:21]} 24. Kg2
{[%clk 0:01:33]} Kg6 {[%clk 0:01:21]} 25. Kg3 {[%clk 0:01:34]} Kf5
{[%clk 0:01:21]} 26. f4 {[%clk 0:01:18]} Re4 {[%clk 0:01:19]} 27. f3
{[%clk 0:01:09]} Re2 {[%clk 0:01:19]} 28. Rb1 {[%clk 0:01:04]} f6
{[%clk 0:01:06]} 29. a3 {[%clk 0:00:53]} a6 {[%clk 0:01:06]} 30. b3
{[%clk 0:00:54]} Rc2 {[%clk 0:00:59]} 31. c4 {[%clk 0:00:45]} Rd2
{[%clk 0:00:59]} 32. cxd5 {[%clk 0:00:37]} cxd5 {[%clk 0:00:59]} 33. Rc1
{[%clk 0:00:33]} Rxd4 {[%clk 0:00:53]} 34. Rc7 {[%clk 0:00:33]} Rd2
{[%clk 0:00:49]} 35. Rxg7 {[%clk 0:00:33]} d4 {[%clk 0:00:48]} 36. Rxb7
{[%clk 0:00:33]} d3 {[%clk 0:00:48]} 37. Rd7 {[%clk 0:00:34]} h5 {[%clk 0:00:46]}
38. a4 {[%clk 0:00:25]} h4+ {[%clk 0:00:47]} 39. Kxh4 {[%clk 0:00:23]} Kxf4
{[%clk 0:00:47]} 40. Rd6 {[%clk 0:00:23]} f5 {[%clk 0:00:43]} 41. Rxa6
{[%clk 0:00:24]} Rb2 {[%clk 0:00:34]} 42. Rd6 {[%clk 0:00:11]} Rxb3
{[%clk 0:00:34]} 43. a5 {[%clk 0:00:12]} Kxf3 {[%clk 0:00:22]} 44. a6
{[%clk 0:00:11]} Ke2 {[%clk 0:00:22]} 45. a7 {[%clk 0:00:12]} Ra3
{[%clk 0:00:23]} 46. Rd7 {[%clk 0:00:05]} d2 {[%clk 0:00:22]} 47. Re7+
{[%clk 0:00:03]} Kf2 {[%clk 0:00:18]} 48. Rd7 {[%clk 0:00:04]} Ke1
{[%clk 0:00:17]} 49. Re7+ Kf1 50. Rd7 {[%clk 0:00:04]} Rxa7 {[%clk 0:00:18]} 51.
Rxa7 {[%clk 0:00:05]} d1=Q {[%clk 0:00:18]} 52. Rf7 {[%clk 0:00:04]} Qd4+
{[%clk 0:00:16]} 53. Kg5 {[%clk 0:00:04]} Qe3+ {[%clk 0:00:13]} 54. Kxf5
{[%clk 0:00:03]} Qxh3+ {[%clk 0:00:14]} 55. Kg6+ {[%clk 0:00:04]} Ke2
{[%clk 0:00:14]} 56. Re7+ {[%clk 0:00:04]} Kd3 {[%clk 0:00:15]} 57. Rf7
{[%clk 0:00:03]} Ke4 {[%clk 0:00:15]} 58. Re7+ {[%clk 0:00:03]} Kd5
{[%clk 0:00:15]} 59. Rf7 {[%clk 0:00:04]} Ke5 {[%clk 0:00:16]} 60. Re7+
{[%clk 0:00:04]} Kd6 {[%clk 0:00:17]} 61. Rf7 {[%clk 0:00:05]} Qg4+
{[%clk 0:00:18]} 62. Kf6 {[%clk 0:00:05]} Qe6+ {[%clk 0:00:17]} 63. Kg7
{[%clk 0:00:06]} Qe5+ {[%clk 0:00:18]} 64. Rf6+ {[%clk 0:00:06]} Ke7
{[%clk 0:00:19]} 65. Kg8 {[%clk 0:00:04]} Qxf6 {[%clk 0:00:18]} 0-1

[Event "Team Championship Russia (Blitz, Women)"]
[Site "Sochi"]
[Date "2018.10.10"]
[Round "12.7"]
[White "Markelova, Lubov"]
[Black "Khusneeva, Alina"]
[Result "1-0"]
[BlackElo "1066"]
[WhiteElo "2033"]
[LiveChessVersion "1.4.8"]

1. Nf3 {[%clk 0:03:03]} Nf6 {[%clk 0:03:02]} 2. c4 {[%clk 0:03:05]} g6
{[%clk 0:03:02]} 3. Nc3 {[%clk 0:03:06]} Bg7 {[%clk 0:03:03]} 4. e4
{[%clk 0:03:07]} d6 {[%clk 0:03:04]} 5. d4 {[%clk 0:03:09]} O-O {[%clk 0:03:04]}
6. Be2 {[%clk 0:03:10]} e5 {[%clk 0:03:03]} 7. d5 {[%clk 0:03:12]} Nbd7
{[%clk 0:02:57]} 8. O-O {[%clk 0:03:12]} Nc5 {[%clk 0:02:57]} 9. Qc2
{[%clk 0:03:13]} a5 {[%clk 0:02:58]} 10. Bg5 {[%clk 0:03:14]} h6 {[%clk 0:02:57]}
11. Be3 {[%clk 0:03:15]} Nfd7 {[%clk 0:02:53]} 12. Nd2 {[%clk 0:03:16]} f5
{[%clk 0:02:52]} 13. f3 {[%clk 0:03:17]} f4 {[%clk 0:02:53]} 14. Bf2
{[%clk 0:03:16]} g5 {[%clk 0:02:51]} 15. b3 {[%clk 0:03:16]} Nf6 {[%clk 0:02:36]}
16. a3 {[%clk 0:03:17]} g4 {[%clk 0:02:34]} 17. b4 {[%clk 0:03:15]} g3
{[%clk 0:02:18]} 18. hxg3 {[%clk 0:02:57]} fxg3 {[%clk 0:02:18]} 19. Bxg3
{[%clk 0:02:57]} axb4 {[%clk 0:02:02]} 20. axb4 {[%clk 0:02:56]} Rxa1
{[%clk 0:01:54]} 21. Rxa1 {[%clk 0:02:57]} Na6 {[%clk 0:01:55]} 22. Rb1
{[%clk 0:01:49]} Rf7 {[%clk 0:01:51]} 23. Nf1 {[%clk 0:01:43]} Nh5
{[%clk 0:01:45]} 24. Qd2 {[%clk 0:01:13]} Nf4 {[%clk 0:01:36]} 25. Bd3
{[%clk 0:00:58]} Qg5 {[%clk 0:01:19]} 26. Rb2 {[%clk 0:00:27]} Bf8
{[%clk 0:01:18]} 27. Bxf4 {[%clk 0:00:18]} Qxf4 {[%clk 0:01:16]} 28. Qxf4
{[%clk 0:00:18]} Rxf4 {[%clk 0:01:17]} 29. Nb5 {[%clk 0:00:18]} Rf7
{[%clk 0:01:17]} 30. Nd2 {[%clk 0:00:16]} Rg7 {[%clk 0:01:05]} 31. Kf2
{[%clk 0:00:17]} Rf7 {[%clk 0:01:02]} 32. Nf1 {[%clk 0:00:18]} Rh7
{[%clk 0:00:58]} 33. Ne3 {[%clk 0:00:19]} Re7 {[%clk 0:00:58]} 34. Nf5
{[%clk 0:00:17]} Bxf5 {[%clk 0:00:57]} 35. exf5 {[%clk 0:00:18]} Rf7
{[%clk 0:00:55]} 36. Be4 {[%clk 0:00:19]} h5 {[%clk 0:00:55]} 37. g4
{[%clk 0:00:18]} hxg4 {[%clk 0:00:52]} 38. fxg4 {[%clk 0:00:20]} Bh6
{[%clk 0:00:51]} 39. Kf3 {[%clk 0:00:18]} Kg7 {[%clk 0:00:50]} 40. Nc3
{[%clk 0:00:16]} Kf6 {[%clk 0:00:46]} 41. Ne2 {[%clk 0:00:15]} Kg7
{[%clk 0:00:40]} 42. Ng3 {[%clk 0:00:16]} Bf4 {[%clk 0:00:37]} 43. Nh5+
{[%clk 0:00:17]} Kh6 {[%clk 0:00:35]} 44. Nxf4 {[%clk 0:00:17]} exf4
{[%clk 0:00:35]} 45. Kxf4 {[%clk 0:00:18]} b6 {[%clk 0:00:31]} 46. g5+
{[%clk 0:00:18]} Kg7 {[%clk 0:00:32]} 47. f6+ {[%clk 0:00:19]} Kg8
{[%clk 0:00:29]} 48. Kf5 {[%clk 0:00:19]} Kf8 {[%clk 0:00:26]} 49. g6
{[%clk 0:00:20]} Rd7 {[%clk 0:00:26]} 50. Ke6 {[%clk 0:00:18]} Nb8
{[%clk 0:00:22]} 51. Rh2 {[%clk 0:00:17]} Rg7 {[%clk 0:00:18]} 52. fxg7+
{[%clk 0:00:17]} Kxg7 {[%clk 0:00:19]} 53. Rh7+ {[%clk 0:00:18]} Kf8
{[%clk 0:00:18]} 54. Rh8+ {[%clk 0:00:17]} Kg7 {[%clk 0:00:18]} 55. Rxb8
{[%clk 0:00:17]} b5 {[%clk 0:00:19]} 56. cxb5 {[%clk 0:00:16]} c5
{[%clk 0:00:20]} 57. Rb7+ {[%clk 0:00:15]} Kg8 {[%clk 0:00:19]} 58. g7
{[%clk 0:00:14]} cxb4 {[%clk 0:00:15]} 59. Kf6 {[%clk 0:00:15]} b3
{[%clk 0:00:15]} 60. Rb8# {[%clk 0:00:16]} 1-0

[Event "Team Championship Russia (Blitz, Women)"]
[Site "Sochi"]
[Date "2018.10.10"]
[Round "12.8"]
[White "Sarvarova, Alisa"]
[Black "Shafigullina, Zarina"]
[Result "0-1"]
[BlackElo "1992"]
[WhiteElo "1342"]
[LiveChessVersion "1.4.8"]

1. e4 {[%clk 0:03:03]} c5 {[%clk 0:03:04]} 2. Nf3 {[%clk 0:03:04]} Nc6
{[%clk 0:03:05]} 3. Bb5 {[%clk 0:03:04]} g6 {[%clk 0:03:06]} 4. O-O
{[%clk 0:03:03]} Bg7 {[%clk 0:03:08]} 5. Nc3 {[%clk 0:03:01]} Nd4
{[%clk 0:03:08]} 6. Nxd4 {[%clk 0:03:00]} cxd4 {[%clk 0:03:06]} 7. Ne2
{[%clk 0:03:01]} Qb6 {[%clk 0:03:03]} 8. Bc4 {[%clk 0:02:59]} Nf6
{[%clk 0:03:04]} 9. d3 {[%clk 0:02:59]} O-O {[%clk 0:03:04]} 10. Bf4
{[%clk 0:02:56]} d6 {[%clk 0:03:03]} 11. Qd2 {[%clk 0:02:50]} Rd8
{[%clk 0:03:00]} 12. Bh6 {[%clk 0:02:50]} Bh8 {[%clk 0:03:00]} 13. Qg5
{[%clk 0:02:40]} Qc5 {[%clk 0:02:45]} 14. f4 {[%clk 0:02:21]} Re8
{[%clk 0:01:55]} 15. Rf3 {[%clk 0:02:11]} Ng4 {[%clk 0:01:31]} 16. Qxc5
{[%clk 0:01:52]} dxc5 {[%clk 0:01:31]} 17. Bg5 {[%clk 0:01:48]} Ne3
{[%clk 0:01:22]} 18. f5 {[%clk 0:01:40]} Nxc4 {[%clk 0:00:57]} 19. dxc4
{[%clk 0:01:39]} Be5 {[%clk 0:00:44]} 20. fxg6 {[%clk 0:01:34]} hxg6
{[%clk 0:00:44]} 21. Nf4 {[%clk 0:01:27]} Bg4 {[%clk 0:00:43]} 22. Rg3
{[%clk 0:01:22]} Bxf4 {[%clk 0:00:42]} 23. Bxf4 {[%clk 0:01:22]} Be6
{[%clk 0:00:41]} 24. b3 {[%clk 0:01:11]} a6 {[%clk 0:00:41]} 25. c3
{[%clk 0:01:10]} Rad8 {[%clk 0:00:40]} 26. cxd4 {[%clk 0:01:07]} Rxd4
{[%clk 0:00:40]} 27. Re3 {[%clk 0:01:03]} b5 {[%clk 0:00:40]} 28. Be5
{[%clk 0:01:00]} Rd2 {[%clk 0:00:34]} 29. Rf1 {[%clk 0:00:51]} bxc4
{[%clk 0:00:33]} 30. bxc4 {[%clk 0:00:51]} Bxc4 {[%clk 0:00:24]} 31. Rh3
{[%clk 0:00:46]} f6 {[%clk 0:00:24]} 32. Bxf6 {[%clk 0:00:41]} Bxf1
{[%clk 0:00:18]} 33. Kxf1 {[%clk 0:00:41]} exf6 {[%clk 0:00:19]} 34. Rg3
{[%clk 0:00:42]} Kf7 {[%clk 0:00:20]} 35. Rc3 {[%clk 0:00:41]} Rxe4
{[%clk 0:00:18]} 36. Rxc5 {[%clk 0:00:39]} Rxa2 {[%clk 0:00:18]} 37. Rc7+
{[%clk 0:00:37]} Ke6 {[%clk 0:00:19]} 38. h3 {[%clk 0:00:33]} Ree2
{[%clk 0:00:16]} 39. Rh7 {[%clk 0:00:30]} Rf2+ {[%clk 0:00:15]} 40. Kg1
{[%clk 0:00:31]} Rxg2+ {[%clk 0:00:16]} 41. Kf1 {[%clk 0:00:32]} Rgb2
{[%clk 0:00:16]} 42. Re7+ {[%clk 0:00:30]} Kxe7 {[%clk 0:00:16]} 43. h4
{[%clk 0:00:29]} Rb1# {[%clk 0:00:17]} 0-1

[Event "Team Championship Russia (Blitz, Women)"]
[Site "Sochi"]
[Date "2018.10.10"]
[Round "12.9"]
[White "Sukhareva, Evgeniya"]
[Black "Vifleemskaia, Svetlana"]
[Result "1-0"]
[BlackElo "2145"]
[WhiteElo "2186"]
[LiveChessVersion "1.4.8"]

1. d4 {[%clk 0:03:03]} Nc6 {[%clk 0:03:04]} 2. Bf4 {[%clk 0:03:04]} d5
{[%clk 0:03:05]} 3. e3 {[%clk 0:03:04]} Nf6 {[%clk 0:02:59]} 4. Nf3
{[%clk 0:03:06]} Bg4 {[%clk 0:02:59]} 5. a3 {[%clk 0:03:07]} e6 {[%clk 0:02:59]}
6. c4 {[%clk 0:03:08]} Bd6 {[%clk 0:02:48]} 7. Bg5 {[%clk 0:03:08]} dxc4
{[%clk 0:02:33]} 8. Bxc4 {[%clk 0:03:09]} Be7 {[%clk 0:02:33]} 9. Nc3
{[%clk 0:03:08]} a6 {[%clk 0:02:33]} 10. O-O {[%clk 0:03:08]} O-O
{[%clk 0:02:34]} 11. h3 {[%clk 0:03:09]} Bh5 {[%clk 0:02:33]} 12. Be2
{[%clk 0:03:10]} h6 {[%clk 0:02:32]} 13. Bh4 {[%clk 0:03:10]} Bg6
{[%clk 0:02:32]} 14. Rc1 {[%clk 0:03:11]} Ne4 {[%clk 0:02:30]} 15. Bxe7
{[%clk 0:02:55]} Qxe7 {[%clk 0:02:27]} 16. Nxe4 {[%clk 0:02:56]} Bxe4
{[%clk 0:02:27]} 17. Nd2 {[%clk 0:02:57]} Bg6 {[%clk 0:02:22]} 18. Bf3
{[%clk 0:02:57]} Nd8 {[%clk 0:02:12]} 19. Qb3 {[%clk 0:02:56]} c6
{[%clk 0:02:03]} 20. Ne4 {[%clk 0:02:56]} Bxe4 {[%clk 0:01:55]} 21. Bxe4
{[%clk 0:02:57]} Qd6 {[%clk 0:01:23]} 22. f4 {[%clk 0:02:51]} f5 {[%clk 0:01:13]}
23. Bb1 {[%clk 0:02:52]} Qd5 {[%clk 0:01:04]} 24. Qc3 {[%clk 0:02:48]} Nf7
{[%clk 0:01:03]} 25. Bc2 {[%clk 0:02:48]} Qd7 {[%clk 0:00:50]} 26. Bb3
{[%clk 0:02:49]} Nd6 {[%clk 0:00:48]} 27. Rfd1 {[%clk 0:02:35]} Ne4
{[%clk 0:00:45]} 28. Qa5 {[%clk 0:02:36]} Rf6 {[%clk 0:00:42]} 29. Qe5
{[%clk 0:02:31]} Qd6 {[%clk 0:00:39]} 30. Qa5 {[%clk 0:02:28]} Rg6
{[%clk 0:00:31]} 31. Qxf5 {[%clk 0:02:25]} 1-0

[Event "Team Championship Russia (Blitz, Women)"]
[Site "Sochi"]
[Date "2018.10.10"]
[Round "12.10"]
[White "Shendrik, Zhanna"]
[Black "Chan, Naruna"]
[Result "1-0"]
[BlackElo "1991"]
[WhiteElo "1938"]
[LiveChessVersion "1.4.8"]

1. d4 {[%clk 0:03:03]} f5 {[%clk 0:03:02]} 2. g3 {[%clk 0:03:02]} d6
{[%clk 0:03:02]} 3. Bg2 {[%clk 0:03:02]} Nf6 {[%clk 0:03:03]} 4. Nf3
{[%clk 0:02:58]} g6 {[%clk 0:03:04]} 5. c4 {[%clk 0:02:50]} Bg7 {[%clk 0:03:05]}
6. Nc3 {[%clk 0:02:51]} O-O {[%clk 0:03:05]} 7. O-O {[%clk 0:02:52]} c6
{[%clk 0:03:05]} 8. Qc2 {[%clk 0:02:47]} Qc7 {[%clk 0:03:05]} 9. b3
{[%clk 0:02:46]} e5 {[%clk 0:03:05]} 10. dxe5 {[%clk 0:02:46]} dxe5
{[%clk 0:03:06]} 11. Bb2 {[%clk 0:02:46]} e4 {[%clk 0:03:06]} 12. Nd4
{[%clk 0:02:37]} Na6 {[%clk 0:03:06]} 13. a3 {[%clk 0:02:32]} Ng4
{[%clk 0:03:00]} 14. h3 {[%clk 0:01:56]} Nxf2 {[%clk 0:02:41]} 15. Kxf2
{[%clk 0:01:41]} Bxd4+ {[%clk 0:02:42]} 16. e3 {[%clk 0:01:42]} Be5
{[%clk 0:02:41]} 17. Ne2 {[%clk 0:01:41]} Nc5 {[%clk 0:02:32]} 18. Bxe5
{[%clk 0:01:32]} Qxe5 {[%clk 0:02:30]} 19. Kg1 {[%clk 0:01:26]} Be6
{[%clk 0:02:21]} 20. Nf4 {[%clk 0:01:25]} Rfd8 {[%clk 0:02:13]} 21. Rad1
{[%clk 0:01:17]} Bf7 {[%clk 0:01:33]} 22. b4 {[%clk 0:01:07]} Ne6
{[%clk 0:01:27]} 23. Kh2 {[%clk 0:01:03]} Qc7 {[%clk 0:01:18]} 24. c5
{[%clk 0:00:57]} Nxf4 {[%clk 0:01:14]} 25. gxf4 {[%clk 0:00:57]} Rd5
{[%clk 0:01:10]} 26. Rxd5 {[%clk 0:00:54]} Bxd5 {[%clk 0:01:08]} 27. Kg1
{[%clk 0:00:43]} a5 {[%clk 0:01:05]} 28. Qc3 {[%clk 0:00:42]} Qg7
{[%clk 0:00:45]} 29. Qd2 {[%clk 0:00:38]} axb4 {[%clk 0:00:43]} 30. Qxb4
{[%clk 0:00:32]} Qc7 {[%clk 0:00:29]} 31. Rb1 {[%clk 0:00:31]} Ra7
{[%clk 0:00:29]} 32. Bf1 {[%clk 0:00:24]} h6 {[%clk 0:00:27]} 33. Bc4
{[%clk 0:00:23]} Kf7 {[%clk 0:00:21]} 34. Bxd5+ {[%clk 0:00:23]} cxd5
{[%clk 0:00:22]} 35. Qd4 {[%clk 0:00:19]} Qc6 {[%clk 0:00:20]} 36. Rb6
{[%clk 0:00:19]} Qd7 {[%clk 0:00:12]} 37. Qf6+ {[%clk 0:00:20]} Ke8
{[%clk 0:00:09]} 38. Re6+ {[%clk 0:00:19]} Kd8 {[%clk 0:00:07]} 1-0

[Event "Team Championship Russia (Blitz, Women)"]
[Site "Sochi"]
[Date "2018.10.10"]
[Round "13.1"]
[White "Kirchei, Viktoriia"]
[Black "Pogonina, Natalija"]
[Result "1-0"]
[BlackElo "2328"]
[WhiteElo "1992"]
[LiveChessVersion "1.4.8"]

1. e4 {[%clk 0:03:03]} e5 {[%clk 0:03:03]} 2. Nf3 {[%clk 0:03:04]} Nc6
{[%clk 0:03:03]} 3. Bb5 {[%clk 0:03:05]} a6 {[%clk 0:03:04]} 4. Ba4
{[%clk 0:03:06]} Nf6 {[%clk 0:03:04]} 5. O-O {[%clk 0:03:06]} Be7
{[%clk 0:03:05]} 6. Re1 {[%clk 0:03:06]} b5 {[%clk 0:03:05]} 7. Bb3
{[%clk 0:03:07]} d6 {[%clk 0:03:06]} 8. c3 {[%clk 0:03:08]} O-O {[%clk 0:03:06]}
9. h3 {[%clk 0:03:09]} Nb8 {[%clk 0:03:04]} 10. d4 {[%clk 0:03:09]} Nbd7
{[%clk 0:03:05]} 11. Bg5 {[%clk 0:02:55]} Bb7 {[%clk 0:02:59]} 12. Nbd2
{[%clk 0:02:54]} h6 {[%clk 0:02:57]} 13. Bxf6 {[%clk 0:02:53]} Bxf6
{[%clk 0:02:56]} 14. Nf1 {[%clk 0:02:50]} c5 {[%clk 0:02:51]} 15. d5
{[%clk 0:02:50]} c4 {[%clk 0:02:50]} 16. Bc2 {[%clk 0:02:51]} Qc7
{[%clk 0:02:45]} 17. Qd2 {[%clk 0:02:49]} Kh7 {[%clk 0:02:31]} 18. N3h2
{[%clk 0:02:19]} g6 {[%clk 0:02:26]} 19. Ng4 {[%clk 0:02:11]} Bg7
{[%clk 0:02:26]} 20. f4 {[%clk 0:02:12]} exf4 {[%clk 0:02:12]} 21. Qxf4
{[%clk 0:02:12]} Ne5 {[%clk 0:01:52]} 22. Nfe3 {[%clk 0:01:45]} Qe7
{[%clk 0:01:41]} 23. Rf1 {[%clk 0:01:08]} Rad8 {[%clk 0:01:26]} 24. Nh2
{[%clk 0:00:55]} Bc8 {[%clk 0:01:16]} 25. g4 {[%clk 0:00:33]} Qg5
{[%clk 0:01:02]} 26. Qg3 {[%clk 0:00:28]} Bf6 {[%clk 0:00:47]} 27. Rf2
{[%clk 0:00:19]} Qh4 {[%clk 0:00:43]} 28. Qg2 {[%clk 0:00:20]} Bg5
{[%clk 0:00:40]} 29. Nf3 {[%clk 0:00:10]} Nxf3+ {[%clk 0:00:38]} 30. Rxf3
{[%clk 0:00:10]} Bxe3+ {[%clk 0:00:22]} 31. Rxe3 {[%clk 0:00:11]} Rde8
{[%clk 0:00:19]} 32. Rf1 {[%clk 0:00:12]} Kg7 {[%clk 0:00:18]} 33. Ref3
{[%clk 0:00:12]} Re5 {[%clk 0:00:17]} 34. Qe2 {[%clk 0:00:06]} h5
{[%clk 0:00:14]} 35. Rf4 {[%clk 0:00:04]} hxg4 {[%clk 0:00:11]} 36. hxg4
{[%clk 0:00:06]} Rg5 {[%clk 0:00:08]} 37. Bd1 {[%clk 0:00:06]} Rh8
{[%clk 0:00:08]} 38. Qg2 {[%clk 0:00:07]} Rf8 {[%clk 0:00:05]} 39. Qf3
{[%clk 0:00:07]} f6 {[%clk 0:00:05]} 40. Rxf6 {[%clk 0:00:07]} Rxg4+
{[%clk 0:00:03]} 41. Qxg4 {[%clk 0:00:07]} Qxg4+ {[%clk 0:00:04]} 42. Bxg4
{[%clk 0:00:08]} Rxf6 {[%clk 0:00:05]} 43. Rxf6 {[%clk 0:00:10]} Kxf6
{[%clk 0:00:04]} 44. Bxc8 {[%clk 0:00:10]} 1-0

[Event "Team Championship Russia (Blitz, Women)"]
[Site "Sochi"]
[Date "2018.10.10"]
[Round "13.2"]
[White "Girya, Olga"]
[Black "Bondareva, Daria"]
[Result "1-0"]
[BlackElo "1774"]
[WhiteElo "2389"]
[LiveChessVersion "1.4.8"]

1. d4 {[%clk 0:03:03]} Nf6 {[%clk 0:03:03]} 2. Nf3 {[%clk 0:03:04]} e6
{[%clk 0:03:04]} 3. c4 {[%clk 0:03:05]} b6 {[%clk 0:03:05]} 4. g3
{[%clk 0:03:06]} Bb7 {[%clk 0:03:06]} 5. Bg2 {[%clk 0:03:07]} Bb4+
{[%clk 0:03:07]} 6. Bd2 {[%clk 0:03:08]} a5 {[%clk 0:03:08]} 7. O-O
{[%clk 0:03:07]} Bxd2 {[%clk 0:03:00]} 8. Qxd2 {[%clk 0:03:08]} O-O
{[%clk 0:02:54]} 9. Nc3 {[%clk 0:03:07]} d6 {[%clk 0:02:45]} 10. Qc2
{[%clk 0:03:08]} Nbd7 {[%clk 0:02:46]} 11. Rad1 {[%clk 0:03:08]} Qe7
{[%clk 0:02:29]} 12. Rfe1 {[%clk 0:03:05]} Rad8 {[%clk 0:02:00]} 13. e4
{[%clk 0:02:49]} e5 {[%clk 0:02:00]} 14. Nd5 {[%clk 0:02:39]} Nxd5
{[%clk 0:01:44]} 15. cxd5 {[%clk 0:02:40]} exd4 {[%clk 0:01:12]} 16. Nxd4
{[%clk 0:02:41]} Nc5 {[%clk 0:01:13]} 17. f4 {[%clk 0:02:22]} Qd7
{[%clk 0:01:06]} 18. b3 {[%clk 0:02:14]} Rfe8 {[%clk 0:00:50]} 19. a3
{[%clk 0:02:15]} Rc8 {[%clk 0:00:31]} 20. b4 {[%clk 0:02:09]} axb4
{[%clk 0:00:32]} 21. axb4 {[%clk 0:02:10]} Na6 {[%clk 0:00:34]} 22. Qb2
{[%clk 0:02:00]} Nb8 {[%clk 0:00:35]} 23. Nf5 {[%clk 0:01:56]} Ba6
{[%clk 0:00:24]} 24. Qxg7# {[%clk 0:01:56]} 1-0

[Event "Team Championship Russia (Blitz, Women)"]
[Site "Sochi"]
[Date "2018.10.10"]
[Round "13.3"]
[White "Vyrtosu, Natalia"]
[Black "Guseva, Marina"]
[Result "1-0"]
[BlackElo "2292"]
[WhiteElo "1822"]
[LiveChessVersion "1.4.8"]

1. d4 {[%clk 0:03:03]} d5 {[%clk 0:03:03]} 2. Bf4 {[%clk 0:03:04]} c5
{[%clk 0:03:04]} 3. e3 {[%clk 0:03:05]} Nc6 {[%clk 0:03:04]} 4. Nf3
{[%clk 0:03:03]} cxd4 {[%clk 0:03:02]} 5. exd4 {[%clk 0:03:03]} Bg4
{[%clk 0:03:03]} 6. c3 {[%clk 0:02:58]} Bxf3 {[%clk 0:02:57]} 7. Qxf3
{[%clk 0:02:58]} e6 {[%clk 0:02:58]} 8. Nd2 {[%clk 0:02:49]} Nf6 {[%clk 0:02:58]}
9. Bd3 {[%clk 0:02:43]} Be7 {[%clk 0:02:59]} 10. O-O {[%clk 0:02:35]} O-O
{[%clk 0:03:00]} 11. Be5 {[%clk 0:02:35]} Nxe5 {[%clk 0:02:58]} 12. dxe5
{[%clk 0:02:35]} Nd7 {[%clk 0:02:59]} 13. Qh5 {[%clk 0:02:31]} g6
{[%clk 0:03:00]} 14. Qe2 {[%clk 0:02:32]} Qb6 {[%clk 0:03:00]} 15. Kh1
{[%clk 0:02:24]} Qxb2 {[%clk 0:02:57]} 16. Rab1 {[%clk 0:02:19]} Qxc3
{[%clk 0:02:57]} 17. Rxb7 {[%clk 0:02:19]} Rfd8 {[%clk 0:02:58]} 18. Bb5
{[%clk 0:02:11]} Qc8 {[%clk 0:02:49]} 19. Ba6 {[%clk 0:02:01]} Nc5
{[%clk 0:01:58]} 20. Rc1 {[%clk 0:01:30]} Bg5 {[%clk 0:01:31]} 21. Rxa7
{[%clk 0:01:05]} Qb8 {[%clk 0:01:03]} 22. Rxa8 {[%clk 0:00:45]} Qxa8
{[%clk 0:01:04]} 23. Rxc5 {[%clk 0:00:14]} Bxd2 {[%clk 0:00:58]} 24. Qxd2
{[%clk 0:00:15]} Qxa6 {[%clk 0:00:59]} 25. h3 {[%clk 0:00:11]} Ra8
{[%clk 0:00:39]} 26. Rc2 {[%clk 0:00:09]} Qf1+ {[%clk 0:00:38]} 27. Kh2
{[%clk 0:00:10]} Qa1 {[%clk 0:00:32]} 28. Qg5 {[%clk 0:00:05]} Qd4
{[%clk 0:00:29]} 29. Qf6 {[%clk 0:00:05]} Qe4 {[%clk 0:00:21]} 30. Rc7
{[%clk 0:00:05]} Rf8 {[%clk 0:00:22]} 31. Rd7 {[%clk 0:00:06]} Qa4
{[%clk 0:00:19]} 32. Rd8 {[%clk 0:00:07]} Qa3 {[%clk 0:00:14]} 33. Rd7
{[%clk 0:00:05]} Qxa2 {[%clk 0:00:12]} 34. Rd8 {[%clk 0:00:06]} Qa3
{[%clk 0:00:12]} 35. Rd7 {[%clk 0:00:06]} Qc5 {[%clk 0:00:11]} 36. f3
{[%clk 0:00:06]} Qa5 {[%clk 0:00:08]} 37. Rd6 {[%clk 0:00:05]} Qc7
{[%clk 0:00:08]} 38. f4 {[%clk 0:00:04]} Qa7 {[%clk 0:00:05]} 39. Qg5
{[%clk 0:00:04]} d4 {[%clk 0:00:05]} 40. Qg3 {[%clk 0:00:04]} Rc8
{[%clk 0:00:05]} 41. Qd3 {[%clk 0:00:05]} Qa1 {[%clk 0:00:03]} 42. Qxd4
{[%clk 0:00:06]} Qxd4 {[%clk 0:00:00]} 1-0

[Event "Team Championship Russia (Blitz, Women)"]
[Site "Sochi"]
[Date "2018.10.10"]
[Round "13.4"]
[White "Kovanova, Baira"]
[Black "Girshgorn, Maria"]
[Result "1-0"]
[BlackElo "1900"]
[WhiteElo "2205"]
[LiveChessVersion "1.4.8"]

1. Nf3 {[%clk 0:03:03]} Nf6 {[%clk 0:03:03]} 2. g3 {[%clk 0:03:03]} g6
{[%clk 0:03:04]} 3. Bg2 {[%clk 0:03:04]} Bg7 {[%clk 0:03:06]} 4. O-O
{[%clk 0:03:04]} O-O {[%clk 0:03:06]} 5. d3 {[%clk 0:03:05]} d6 {[%clk 0:03:07]}
6. e4 {[%clk 0:03:02]} Nbd7 {[%clk 0:03:07]} 7. Qe2 {[%clk 0:02:54]} e5
{[%clk 0:03:05]} 8. Nh4 {[%clk 0:02:46]} Nc5 {[%clk 0:03:04]} 9. h3
{[%clk 0:02:33]} c6 {[%clk 0:03:04]} 10. Nc3 {[%clk 0:02:28]} Bd7
{[%clk 0:03:01]} 11. f4 {[%clk 0:02:23]} Ne6 {[%clk 0:02:45]} 12. f5
{[%clk 0:02:16]} Nd4 {[%clk 0:02:46]} 13. Qf2 {[%clk 0:02:17]} b5
{[%clk 0:02:33]} 14. Be3 {[%clk 0:02:11]} b4 {[%clk 0:02:28]} 15. Nd1
{[%clk 0:02:12]} c5 {[%clk 0:02:14]} 16. Qd2 {[%clk 0:02:11]} Nh5
{[%clk 0:02:06]} 17. Kh2 {[%clk 0:01:25]} Bf6 {[%clk 0:01:39]} 18. Nf3
{[%clk 0:01:25]} gxf5 {[%clk 0:00:45]} 19. Nxd4 {[%clk 0:01:05]} cxd4
{[%clk 0:00:34]} 20. Bh6 {[%clk 0:01:06]} Bg7 {[%clk 0:00:33]} 21. exf5
{[%clk 0:01:05]} Rb8 {[%clk 0:00:26]} 22. Bxg7 {[%clk 0:00:59]} Nxg7
{[%clk 0:00:27]} 23. f6 {[%clk 0:01:00]} Ne6 {[%clk 0:00:27]} 24. Qh6
{[%clk 0:00:59]} Kh8 {[%clk 0:00:26]} 25. Be4 {[%clk 0:00:59]} Ng5
{[%clk 0:00:11]} 26. Qxg5 {[%clk 0:00:59]} Rg8 {[%clk 0:00:11]} 27. Qh6
{[%clk 0:01:00]} 1-0